Human reliability analysis : a systems engineering approach with nuclear power plant applications /

Bibliographic Details
Main Author: Dougherty, E. M. (Ed M.)
Other Authors: Fragola, Joseph R.
Format: Book
Language:English
Published: New York : Wiley, [1988]
Subjects:

MARC

Tag First Indicator Second Indicator Subfields
LEADER 00000cam a22000008a 4500
001 in00000025000
005 20151007055702.0
008 871028s1988 nyua b 00110 eng
010 |a  87031652  
020 |a 0471606146 :  |c $75.00 
035 |a (OCoLC)16984703 
035 |9 AAB8975AM 
040 |a DLC  |c DLC  |d TXA  |d UtOrBLW 
049 |a TXAM  |c 1 [A11111926]  |c 2 [A13000430] 
050 0 0 |a TK9153  |b .D68 1987 
050 4 |a TK9153  |b .D68 1988 
082 0 |a 621.48/35  |2 19 
100 1 |a Dougherty, E. M.  |q (Ed M.) 
245 1 0 |a Human reliability analysis :  |b a systems engineering approach with nuclear power plant applications /  |c E.M. Dougherty, Jr. and J.R. Fragola. 
263 |a 8810 
264 1 |a New York :  |b Wiley,  |c [1988] 
264 4 |c ©1988 
300 |a xiv, 240 pages :  |b illustrations 
336 |a text  |b txt  |2 rdacontent 
337 |a unmediated  |b n  |2 rdamedia 
338 |a volume  |b nc  |2 rdacarrier 
500 |a "A Wiley-Interscience publication" 
504 |a Bibliography: pages 205-216. 
500 |a Includes indexes. 
650 0 |a Nuclear power plants  |x Human factors. 
650 0 |a Nuclear power plants  |x Reliability. 
650 0 |a Systems engineering. 
700 1 |a Fragola, Joseph R. 
999 |a MARS 
999 f f |s 73c2c3fd-0114-337c-a7d6-bf5b2b1313e7  |i 87350c40-c1ec-39b0-8072-df1fa2361600  |t 0 
952 f f |p ric  |a Texas A&M University  |b Rellis Campus  |c Joint Library Facility  |d Remote Storage  |t 0  |e TK9153 .D68 1988  |h Library of Congress classification  |i unmediated -- volume  |m A14813000430 
998 f f |a TK9153 .D68 1988  |t 0  |l Remote Storage